000
00303cam a2200121ua 4500
082
_a
291
_b
RAD/MA
100
_a
Radhakrishnan, S .
_9
1462
245
_a
Matham Paschathya Pourasthya Rajaingalil
250
_a
1 /
260
_a
Eranamkulam :
_b
C.I.C.C book house ,
_c
1967.
300
_a
195 ; .
942
_c
BK
999
_c
307
_d
307